000 01464nam a2200361Ia 4500
001 ebr10171527
003 CaPaEBR
006 m u
007 cr cn|||||||||
008 070105s2007 nyu sb 001 0 eng d
020 _z0230603378
020 _z1403976201
020 _z9781403976208
040 _aCaPaEBR
_cCaPaEBR
035 _a(OCoLC)568019435
050 1 4 _aPS508.A67
_bS34 2007eb
100 1 _aSalaita, Steven,
_d1975-
245 1 0 _aArab American literary fictions, cultures, and politics
_h[electronic resource] /
_cSteven Salaita.
250 _a1st ed.
260 _aNew York :
_bPalgrave Macmillan,
_cc2007.
300 _ax, 196 p.
490 1 _aAmerican literature readings in the 21st century
504 _aIncludes bibliographical references (p. [181]-191) and index.
533 _aElectronic reproduction.
_bPalo Alto, Calif. :
_cebrary,
_d2011.
_nAvailable via World Wide Web.
_nAccess may be limited to ebrary affiliated libraries.
650 0 _aAmerican literature
_xArab American authors
_xHistory and criticism.
650 0 _aArab Americans in literature.
650 0 _aAuthors, Arab
_zUnited States.
650 0 _aNovelists, Arab
_zUnited States.
655 7 _aElectronic books.
_2local
710 2 _aebrary, Inc.
830 0 _aAmerican literature readings in the 21st century.
856 4 0 _uhttp://site.ebrary.com/lib/rucke/Doc?id=10171527
_zAn electronic book accessible through the World Wide Web; click to view
999 _c248754
_d248754